[Event "GER-ch Net blitz qual4"]
[Site "Playchess.com INT"]
[Date "2020.03.23"]
[Round "6"]
[White "Muse, Drazen"]
[Black "Sieber, Martin"]
[Result "1-0"]
[WhiteElo "2339"]
[BlackElo "2088"]
[PlyCount "65"]
[EventDate "2020.03.23"]
[EventType "swiss (blitz)"]
[EventRounds "9"]
[EventCountry "GER"]
[SourceTitle "CBM 195 Extra"]
[Source "ChessBase"]
[SourceDate "2020.05.31"]
[SourceVersion "1"]
[SourceVersionDate "2020.05.31"]
[SourceQuality "1"]

1. e4 e6 2. Nf3 d5 3. e5 c5 4. b4 b6 5. c3 Ne7 6. d4 cxd4 7. cxd4 Bd7 8. Nc3 Nbc6 9. a3 Nf5 10. Ba6 Qc7 11. Bb2 Nxb4 12. axb4 Bxb4 13. 0-0 Bxc3 14. Rc1 b5 15. Rxc3 Qb6 16. Qa1 0-0 17. Rfc1 Rfd8 18. Rc7 Rab8 19. Bc3 Qxc7 20. Ba5 Qxc1+ 21. Qxc1 Rf8 22. Bb4 Rfe8 23. Qc7 Rbd8 24. g4 Ne7 25. Bxe7 Rb8 26. Qxd7 b4 27. Bxb4 Red8 28. Qc7 Re8 29. Ng5 h6 30. Qxf7+ Kh8 31. Bc5 hxg5 32. Bd3 g6 33. Qxg6 1-0

[Event "CZE-chT2F 1819"]
[Site "Czech Republic"]
[Date "2019.01.13"]
[Round "6.5"]
[White "Sieber, Martin"]
[Black "Taus, Martin"]
[Result "1/2-1/2"]
[WhiteElo "2078"]
[BlackElo "2105"]
[PlyCount "62"]
[EventDate "2018.10.14"]
[EventType "team-tourn"]
[EventRounds "11"]
[EventCountry "CZE"]
[SourceTitle "EXT 2022"]
[Source "ChessBase"]
[SourceDate "2021.10.06"]
[SourceVersion "1"]
[SourceVersionDate "2021.10.06"]
[SourceQuality "1"]
[WhiteTeam "Orlova Slavia II"]
[BlackTeam "Frydek Mistek III"]
[WhiteTeamCountry "CZE"]
[BlackTeamCountry "CZE"]

1. d4 Nf6 2. Bf4 c5 3. c3 Qb6 4. Qb3 Qxb3 5. axb3 cxd4 6. cxd4 Nc6 7. Nf3 d5 8. e3 Bd7 9. Na3 Rc8 10. Bb5 e6 11. Bxc6 Bxc6 12. 0-0 Nh5 13. Ne5 Nxf4 14. exf4 f6 15. Nxc6 Rxc6 16. Rfc1 Rxc1+ 17. Rxc1 Kd7 18. Kf1 Bd6 19. g3 a6 20. Nb1 Re8 21. Nc3 Rc8 22. Ke2 Rc6 23. Kd2 Rb6 24. Kc2 Rb4 25. Rd1 Rb6 26. f5 exf5 27. Nxd5 Rc6+ 28. Kd2 Ke6 29. Ne3 Rb6 30. Kc3 Rc6+ 31. Kd3 Rb6 1/2-1/2

[Event "Jastrzebie Zdroj op"]
[Site "Jastrzebie Zdroj"]
[Date "2018.08.24"]
[Round "8"]
[White "Palczert, Botond"]
[Black "Sieber, Martin"]
[Result "1-0"]
[WhiteElo "1898"]
[BlackElo "2110"]
[PlyCount "85"]
[EventDate "2018.08.18"]
[EventType "swiss"]
[EventRounds "9"]
[EventCountry "POL"]
[SourceTitle "CBM 186 Extra"]
[Source "ChessBase"]
[SourceDate "2018.08.24"]
[SourceVersion "1"]
[SourceVersionDate "2018.08.24"]
[SourceQuality "1"]

1. e4 c5 2. Nf3 d6 3. d4 cxd4 4. Nxd4 Nf6 5. Nc3 g6 6. Be3 Bg7 7. f3 Nc6 8. Qd2 0-0 9. 0-0-0 d5 10. Qe1 e5 11. Nxc6 bxc6 12. exd5 cxd5 13. Bc5 Re8 14. Ne4 Nxe4 15. fxe4 Qc7 16. Bb5 Rd8 17. Bb4 a5 18. Qc3 Qa7 19. Bc5 Qb7 20. Bc4 Be6 21. Qb3 Qc8 22. exd5 Bg4 23. Be7 Bxd1 24. Rxd1 a4 25. Qb5 Rb8 26. Qxa4 Qb7 27. Ba3 e4 28. Bb3 e3 29. Qf4 e2 30. Re1 Re8 31. Qc4 Bh6+ 32. Kb1 Re5 33. Rxe2 Rbe8 34. Rxe5 Rxe5 35. Bb4 Qa7 36. a4 Rf5 37. Qc8+ Kg7 38. Bf8+ Kf6 39. Qd8+ Ke5 40. Bxh6 Rf1+ 41. Ka2 Qg1 42. Qe7+ Kf5 43. Qxf7+ 1-0

[Event "Jastrzebie Zdroj op"]
[Site "Jastrzebie Zdroj"]
[Date "2018.08.19"]
[Round "3"]
[White "Sieber, Martin"]
[Black "Czerw, Dawid"]
[Result "0-1"]
[WhiteElo "2110"]
[BlackElo "2254"]
[PlyCount "174"]
[EventDate "2018.08.18"]
[EventType "swiss"]
[EventRounds "9"]
[EventCountry "POL"]
[SourceTitle "CBM 186 Extra"]
[Source "ChessBase"]
[SourceDate "2018.08.24"]
[SourceVersion "1"]
[SourceVersionDate "2018.08.24"]
[SourceQuality "1"]

1. d4 e6 2. Bf4 f5 3. Nf3 Nf6 4. h3 Be7 5. e3 0-0 6. c4 d6 7. Nc3 Ne4 8. Nxe4 fxe4 9. Nd2 d5 10. Be2 Nc6 11. a3 Nxd4 12. Bxc7 Qxc7 13. exd4 Qf4 14. 0-0 Bd6 15. g3 Qf6 16. Nb3 Bd7 17. Nc5 Bc6 18. b4 b6 19. Na6 dxc4 20. Bxc4 Bd5 21. Rc1 Rac8 22. Bxd5 exd5 23. Rxc8 Rxc8 24. Qd2 Qf5 25. Rc1 Rf8 26. h4 h6 27. Nc7 Qd7 28. Nxd5 Bxg3 29. fxg3 Qxd5 30. Rc3 Rf7 31. Re3 Rd7 32. Kf2 Rc7 33. Rc3 Rf7+ 34. Kg1 Rd7 35. Kf2 Rf7+ 36. Kg1 Qf5 37. Qe2 Rd7 38. Qf2 Qd5 39. Rc8+ Kh7 40. Rc3 Rf7 41. Qd2 Qf5 42. Qe2 Rd7 43. Qf2 Qg4 44. Rc1 Rd5 45. Qe3 Rh5 46. Kh2 Rf5 47. Re1 Kh8 48. Qe2 Rf3 49. Rg1 Qf5 50. Rg2 Rxa3 51. Qc2 Rf3 52. Qc7 Qf7 53. Qe5 e3 54. d5 Rf5 55. Qxe3 Qxd5 56. Rc2 Qd7 57. Rf2 Rxf2+ 58. Qxf2 Qd3 59. Qf4 Kh7 60. Kh1 Qd5+ 61. Kh2 Qd3 62. g4 a5 63. bxa5 Qc2+ 64. Kg1 bxa5 65. g5 hxg5 66. hxg5 Qc5+ 67. Kg2 Kg6 68. Qe4+ Kxg5 69. Kg3 Qf5 70. Qe7+ Kh6 71. Qh4+ Qh5 72. Qa4 Qg5+ 73. Kf3 Qf5+ 74. Kg3 Qe5+ 75. Kf3 g5 76. Qc6+ Kh5 77. Qb7 Qf5+ 78. Kg3 Qf4+ 79. Kg2 Qg4+ 80. Kh2 Qe2+ 81. Kg3 Qe3+ 82. Kg2 Qd2+ 83. Kg3 Qd3+ 84. Kf2 Kg4 85. Qg2+ Kf5 86. Kg1 Qd1+ 87. Kh2 Qh5+ 0-1

[Event "CZE-chT2F 1718"]
[Site "Czech Republic"]
[Date "2018.03.18"]
[Round "10.7"]
[White "Broda, Michal"]
[Black "Sieber, Martin"]
[Result "0-1"]
[WhiteElo "1794"]
[BlackElo "2097"]
[PlyCount "70"]
[EventDate "2017.10.15"]
[EventType "team-tourn"]
[EventRounds "11"]
[EventCountry "CZE"]
[SourceTitle "EXT 2022"]
[Source "ChessBase"]
[SourceDate "2021.10.06"]
[SourceVersion "1"]
[SourceVersionDate "2021.10.06"]
[SourceQuality "1"]
[WhiteTeam "Karvina"]
[BlackTeam "Orlova Slavia"]
[WhiteTeamCountry "CZE"]
[BlackTeamCountry "CZE"]

1. e4 c5 2. d4 cxd4 3. Qxd4 Nc6 4. Qe3 g6 5. f4 Bg7 6. Nf3 d6 7. Bb5 Qa5+ 8. Nc3 Nf6 9. Bd2 0-0 10. a4 Bg4 11. Nd5 Qd8 12. Bc3 Nxd5 13. exd5 Bxf3 14. Qxf3 Nd4 15. Qd3 Nxb5 16. axb5 Bxc3+ 17. Qxc3 Qb6 18. Qd3 a6 19. bxa6 bxa6 20. Ra2 Rfc8 21. Ke2 Qb4 22. g3 Rc4 23. c3 Qb3 24. Rha1 Rc5 25. c4 Qxc4 26. Qxc4 Rxc4 27. Kd3 Rb4 28. Re1 Kf8 29. Kc3 Rab8 30. Re2 a5 31. Rd2 R8b5 32. Rd4 Rc5+ 33. Kd3 Rb3+ 34. Kd2 Rbb5 35. Rda4 Rxd5+ 0-1

[Event "CZE-chT2F 1718"]
[Site "Czech Republic"]
[Date "2018.02.11"]
[Round "8.7"]
[White "Nytra, Ondrej"]
[Black "Sieber, Martin"]
[Result "0-1"]
[WhiteElo "1953"]
[BlackElo "2097"]
[PlyCount "120"]
[EventDate "2017.10.15"]
[EventType "team-tourn"]
[EventRounds "11"]
[EventCountry "CZE"]
[SourceTitle "EXT 2022"]
[Source "ChessBase"]
[SourceDate "2021.10.06"]
[SourceVersion "1"]
[SourceVersionDate "2021.10.06"]
[SourceQuality "1"]
[WhiteTeam "Frydek Mistek III"]
[BlackTeam "Orlova Slavia"]
[WhiteTeamCountry "CZE"]
[BlackTeamCountry "CZE"]

1. e4 c5 2. Nf3 d6 3. d4 cxd4 4. Nxd4 Nc6 5. Nc3 Nf6 6. Be2 g6 7. 0-0 Bg7 8. Nb3 0-0 9. Kh1 a6 10. f4 b5 11. a3 Bb7 12. Qe1 Rc8 13. Qh4 b4 14. axb4 Nxb4 15. Ra4 Qb6 16. e5 dxe5 17. fxe5 Nfd5 18. Nxd5 Nxd5 19. Bd3 Bxe5 20. Na5 Bf6 21. Bg5 Ne3 22. Bxe3 Qxe3 23. Qg4 h5 24. Qf4 Qxf4 25. Rfxf4 Ba8 26. Rac4 Bxb2 27. h3 Kg7 28. Rf2 Rxc4 29. Bxc4 Bc3 30. Nb3 a5 31. Rf1 a4 32. Nc5 a3 33. Nd7 f5 34. Nxf8 Kxf8 35. Rd1 Be4 36. Rd8+ Kg7 37. Rd7 Bb4 38. Bb3 Kf6 39. Kg1 Ke5 40. Rd1 Bc3 41. Rd7 Bb4 42. c3 Bxc3 43. Rxe7+ Kf4 44. Ba2 Kg3 45. Rd7 Be1 46. Kf1 Bf2 47. Ke2 f4 48. Bd5 Bxg2 49. Bxg2 Kxg2 50. Rd3 a2 51. Ra3 f3+ 52. Kd1 a1Q+ 53. Rxa1 Kxh3 54. Ra5 Kg4 55. Ra4+ Kg3 56. Ra5 Be3 57. Ra3 f2 58. Ke2 Kg2 59. Ra1 Bd4 60. Rd1 h4 0-1

[Event "Orlova op 14th"]
[Site "Orlova"]
[Date "2017.05.26"]
[Round "7"]
[White "Sieber, Martin"]
[Black "Olsar, Zdenek"]
[Result "1/2-1/2"]
[WhiteElo "2087"]
[BlackElo "1927"]
[PlyCount "42"]
[EventDate "2017.05.20"]
[EventType "swiss"]
[EventRounds "9"]
[EventCountry "CZE"]
[SourceTitle "CBM 178 Extra"]
[Source "ChessBase"]
[SourceDate "2017.06.22"]
[SourceVersion "1"]
[SourceVersionDate "2017.06.22"]
[SourceQuality "1"]

1. d4 d5 2. Nf3 Nf6 3. c4 c6 4. Nc3 e6 5. Bg5 dxc4 6. a4 Bb4 7. e4 Bxc3+ 8. bxc3 Qa5 9. Bd2 Nxe4 10. Bxc4 Nxd2 11. Qxd2 Nd7 12. 0-0 0-0 13. Rfe1 Nf6 14. Re5 Nd5 15. Ra3 b5 16. Bd3 f5 17. Ng5 Rf6 18. Qb2 b4 19. cxb4 Qxb4 20. Rb3 Qd6 21. a5 h6 1/2-1/2

[Event "Orlova op 14th"]
[Site "Orlova"]
[Date "2017.05.24"]
[Round "5"]
[White "Sieber, Martin"]
[Black "Lys, Josef"]
[Result "1/2-1/2"]
[WhiteElo "2087"]
[BlackElo "2192"]
[PlyCount "108"]
[EventDate "2017.05.20"]
[EventType "swiss"]
[EventRounds "9"]
[EventCountry "CZE"]
[SourceTitle "CBM 178 Extra"]
[Source "ChessBase"]
[SourceDate "2017.06.22"]
[SourceVersion "1"]
[SourceVersionDate "2017.06.22"]
[SourceQuality "1"]

1. d4 Nf6 2. c4 e6 3. Nf3 b6 4. g3 Bb7 5. Bg2 Be7 6. 0-0 0-0 7. Nc3 Ne4 8. Nxe4 Bxe4 9. Nd2 Bxg2 10. Kxg2 d5 11. Qc2 c6 12. Nf3 Bd6 13. e4 Nd7 14. cxd5 cxd5 15. exd5 exd5 16. Qf5 Nf6 17. Bg5 Be7 18. Ne5 Qc8 19. Qd3 Qb7 20. Rac1 h6 21. Bxf6 Bxf6 22. Ng4 Be7 23. Rfe1 Rac8 24. Rxc8 Rxc8 25. Qe3 Bf8 26. Rc1 Rxc1 27. Qxc1 h5 28. Ne3 g6 29. Qd1 Bg7 30. Qd3 Qc6 31. b3 Qe6 32. Nc2 Bh6 33. Qf3 Bg7 34. Qe3 Qf5 35. Nb4 Qe4+ 36. Qxe4 dxe4 37. f3 exf3+ 38. Kxf3 Bxd4 39. Nc6 Bg1 40. Nxa7 Kf8 41. h3 Ke7 42. Nb5 Ke6 43. g4 hxg4+ 44. hxg4 Kd5 45. Nc3+ Ke5 46. b4 Bh2 47. Na4 Bg1 48. Nc3 Bd4 49. Nb5 Bb2 50. a4 Kd5 51. a5 bxa5 52. bxa5 Kc6 53. a6 f5 54. gxf5 gxf5 1/2-1/2

[Event "Orlova op-A 12th"]
[Site "Orlova"]
[Date "2015.05.28"]
[Round "5"]
[White "Ocko, Dominik"]
[Black "Sieber, Martin"]
[Result "1/2-1/2"]
[WhiteElo "1716"]
[BlackElo "2091"]
[PlyCount "72"]
[EventDate "2015.05.24"]
[EventType "swiss"]
[EventRounds "9"]
[EventCountry "CZE"]
[SourceTitle "CBM 166 Extra"]
[Source "ChessBase"]
[SourceDate "2015.06.18"]
[SourceVersion "1"]
[SourceVersionDate "2015.06.18"]
[SourceQuality "1"]

1. d4 d5 2. Nc3 f5 3. Bf4 Nf6 4. e3 c6 5. Bd3 e6 6. Nf3 Nbd7 7. 0-0 Be7 8. Nd2 0-0 9. f3 a6 10. e4 Nh5 11. Be3 f4 12. Bf2 b5 13. a3 Bh4 14. Qe1 Bxf2+ 15. Qxf2 Qg5 16. b4 Rf6 17. e5 Rh6 18. Ne2 Nf8 19. a4 Rb8 20. Nb3 Ng3 21. Nxg3 Rxh2 22. Ne4 Qh5 23. Qe1 dxe4 24. Bxe4 Ng6 25. Bxg6 hxg6 26. Nc5 bxa4 27. Rxa4 Kf7 28. c4 Bd7 29. Kf2 Qh4+ 30. Ke2 Rxg2+ 31. Kd1 Qh2 32. Rh1 Rd2+ 33. Kc1 Rc2+ 34. Kd1 Rd2+ 35. Kc1 Rc2+ 36. Kd1 Rd2+ 1/2-1/2

[Event "Orlova op-A 12th"]
[Site "Orlova"]
[Date "2015.05.27"]
[Round "4"]
[White "Sieber, Martin"]
[Black "Stefanik, Richard"]
[Result "1-0"]
[WhiteElo "2091"]
[BlackElo "1778"]
[PlyCount "75"]
[EventDate "2015.05.24"]
[EventType "swiss"]
[EventRounds "9"]
[EventCountry "CZE"]
[SourceTitle "CBM 166 Extra"]
[Source "ChessBase"]
[SourceDate "2015.06.18"]
[SourceVersion "1"]
[SourceVersionDate "2015.06.18"]
[SourceQuality "1"]

1. e4 e5 2. Nf3 Nc6 3. Bc4 Bc5 4. b4 Bxb4 5. c3 Be7 6. d4 exd4 7. 0-0 d3 8. Qb3 Na5 9. Bxf7+ Kf8 10. Qa4 c6 11. Bxg8 Rxg8 12. c4 b6 13. Bd2 Nb7 14. Bb4 Bxb4 15. Qxb4+ Qe7 16. Qc3 Nc5 17. Nbd2 d6 18. Nd4 Bd7 19. Rae1 g6 20. Re3 Rg7 21. Rfe1 Re8 22. N2b3 Kg8 23. Nxc5 dxc5 24. Nf3 b5 25. Rxd3 b4 26. Qc2 Bg4 27. Nd2 Be6 28. Nb3 Rf7 29. Red1 Ref8 30. f3 Qg5 31. Kh1 Bg4 32. Qe2 Bc8 33. Rd6 Rf6 34. Qd2 Rxd6 35. Qxd6 Ba6 36. Na5 Qf6 37. Qxc5 Rd8 38. Rg1 1-0

[Event "Ostrava Konik op-A"]
[Site "Ostrava"]
[Date "2015.05.02"]
[Round "1"]
[White "Kislinsky, Alexey"]
[Black "Sieber, Martin"]
[Result "1-0"]
[WhiteElo "2499"]
[BlackElo "2091"]
[PlyCount "63"]
[EventDate "2015.05.02"]
[EventType "swiss"]
[EventRounds "9"]
[EventCountry "CZE"]
[SourceTitle "CBM 166 Extra"]
[Source "ChessBase"]
[SourceDate "2015.06.18"]
[SourceVersion "1"]
[SourceVersionDate "2015.06.18"]
[SourceQuality "1"]

1. e4 c6 2. d4 d5 3. e5 Bf5 4. h4 h6 5. g4 Bd7 6. Nd2 e6 7. Nb3 Qc7 8. f4 c5 9. c3 Ba4 10. dxc5 Bxc5 11. Nf3 Qb6 12. Bd3 Nc6 13. Qe2 Bxb3 14. axb3 Qxb3 15. Bb5 d4 16. cxd4 Bb4+ 17. Kf2 Qd5 18. Be3 Nge7 19. h5 0-0 20. Rag1 Kh8 21. Bd3 Qd7 22. Bb1 f6 23. Qd3 f5 24. g5 Rad8 25. Ba2 Rg8 26. Qe2 Nd5 27. gxh6 gxh6 28. Rg6 Rxg6 29. hxg6 Kg7 30. Ng5 hxg5 31. Rh7+ Kg8 32. Qh5 1-0

[Event "CZE-chT2F 1415"]
[Site "Czech Republic"]
[Date "2015.03.29"]
[Round "10.24"]
[White "Sieber, Martin"]
[Black "Wiewiora, Eneasz"]
[Result "0-1"]
[WhiteElo "2071"]
[BlackElo "2218"]
[PlyCount "94"]
[EventDate "2014.11.02"]
[EventType "team-tourn"]
[EventRounds "11"]
[EventCountry "CZE"]
[SourceTitle "EXT 2022"]
[Source "ChessBase"]
[SourceDate "2021.10.06"]
[SourceVersion "1"]
[SourceVersionDate "2021.10.06"]
[SourceQuality "1"]
[WhiteTeam "Orlova Slavia II"]
[BlackTeam "Mosty u Jablunkova"]
[WhiteTeamCountry "CZE"]
[BlackTeamCountry "CZE"]

1. b4 e5 2. Bb2 f6 3. e4 Bxb4 4. Bc4 Ne7 5. Qh5+ g6 6. Qf3 Rf8 7. Ne2 Nbc6 8. Nbc3 Na5 9. Bd3 c6 10. a3 Bc5 11. Na4 Bd6 12. c4 Nb3 13. Rb1 Qa5 14. Bc3 Qxa4 15. Bc2 Nxd2 16. Kxd2 Qxc4 17. Bb3 Qa6 18. a4 Bc7 19. Rhc1 f5 20. Bb4 Ba5 21. Qc3 Bxb4 22. Qxb4 fxe4 23. Bc4 Qb6 24. Qd6 Qa5+ 25. Nc3 Nf5 26. Qa3 Qd8 27. Ke1 Qe7 28. Qa2 e3 29. f3 Nd4 30. Kf1 Qh4 31. Kg1 Qf2+ 32. Qxf2 exf2+ 33. Kxf2 d5 34. Bxd5 cxd5 35. Nxd5 Ne6 36. Re1 Kf7 37. Rxe5 Rd8 38. a5 Rd6 39. Rbe1 Bd7 40. f4 Rf8 41. g4 Bc6 42. Nb4 Nxf4 43. Nxc6 Nd3+ 44. Kg3 Nxe1 45. Re7+ Kf6 46. g5+ Kxg5 47. h4+ Kf6 0-1